01909nam a2200373 a 4500001001200000003000800012006001900020007001500039008004100054010001700095015001900112016001800131020004300149020004000192020003800232020003500270040002100305035002100326050002600347082001700373100002800390245011700418260006100535300002300596504005100619505046400670533015201134650002301286650003701309655002901346710001701375856012601392999001701518ebr10256743CaPaEBRm u cr cn|||||||||080115s2008 njua sb s001 0 eng  z 2008000898 aGBA8B98792bnb7 z0147784632Uk z9780813543772 (hardcover : alk. paper) z0813543770 (hardcover : alk. paper) z9780813543789 (pbk. : alk. paper) z0813543789 (pbk. : alk. paper) aCaPaEBRcCaPaEBR a(OCoLC)30179604814aRB155.65b.T45 2008eb04a616/.0422221 aTeichler-Zallen, Doris.10aTo test or not to testh[electronic resource] :ba guide to genetic screening and risk /cDoris Teichler Zallen. aNew Brunswick, N.J. :bRutgers University Press,cc2008. axv, 198 p. :bill. aIncludes bibliographical references and index.0 aIntroduction: genetic tests are different -- A brief overview of susceptibility-gene testing -- Am I at a higher risk for this disease than other people? -- Will the test give me useful information? -- Is this the right time in my life to be taking this test? -- Will the advantages gained from having the genetic information outweigh the disadvantages? -- Decisions, decisions -- Deciding about other types of genetic tests -- The future of genetic medicine. aElectronic reproduction.bPalo Alto, Calif. :cebrary,d2013.nAvailable via World Wide Web.nAccess may be limited to ebrary affiliated libraries. 0aGenetic screening. 0aGenetic disordersxRisk factors. 7aElectronic books.2local2 aebrary, Inc.40uhttp://site.ebrary.com/lib/rucke/Doc?id=10256743zAn electronic book accessible through the World Wide Web; click to view c13375d13375